Case concrets de contentieux administratif compare: essai d'etude comparative an matiere d'excution de l'etat de contentieux disciplinaire et de responsabilite de la puissance Publique (Record no. 480006)

000 -LEADER
fixed length control field 00561cam a22001097a 4500
008 - FIXED-LENGTH DATA ELEMENTS--GENERAL INFORMATION
fixed length control field 180718b1958 xxu||||| |||| 00| 0 eng d
082 ## - DEWEY DECIMAL CLASSIFICATION NUMBER
Classification number I9 In8
245 ## - TITLE STATEMENT
Title Case concrets de contentieux administratif compare: essai d'etude comparative an matiere d'excution de l'etat de contentieux disciplinaire et de responsabilite de la puissance Publique
Statement of responsibility, etc. by International Institute of Administration Sciences
260 ## - PUBLICATION, DISTRIBUTION, ETC.
Place of publication, distribution, etc. Bruxelles
Name of publisher, distributor, etc. International Institute of Administrative Sciences
Date of publication, distribution, etc. 1958
300 ## - PHYSICAL DESCRIPTION
Extent 122p.
700 ## - ADDED ENTRY--PERSONAL NAME
Personal name International Institute of Administrative Sciences
Holdings
Withdrawn status Lost status Damaged status Not for loan Permanent Location Current Location Date acquired Full call number Barcode Date last seen Price effective from Koha item type
        Indian Institute of Public Administration Indian Institute of Public Administration 2018-08-04 I9 In8 GR226 2018-08-04 2018-08-04 GR

Powered by Koha